000 01326cam a2200385 i 4500
001 40689
003 Mx-PuUPA
005 20260410112542.0
008 140415s1960 sp gr 000 0 spa d
017 _aSE-6806-2010
020 _a9788425403569
040 _cMx-PuUPA
_aMx-PuUPA
_bspa
_dMx-PuUPA
_erda
041 1 _aspa
_heng
100 1 _aNewman, John Henry,
_d1801-1890
_eautor
_910342
240 1 0 _aEssay in aid of a Grammar of Assent.
_lEspañol
245 1 3 _aEl asentimiento religioso :
_bensayo sobre los motivos racionales de la fe /
_cJohn Henry Newman ; traducción, José Vives
250 _aSegunda edición
264 1 _aBarcelona, España :
_bHerder Editorial,
_c2019
300 _a421 páginas ;
_c22 cm
336 _2rdacontent
_atexto
_btxt
337 _2rdamedia
_asin medio
_bn
338 _2rdacarrier
_avolumen
_bnc
500 _aReimpresiones: (2a. impresión, 2019).
650 7 _2armarc
_aFe
650 7 _2armarc
_aProposiciones de fe
650 7 _2armarc
_aTeísmo
650 7 _2armarc
_aVerdad
650 7 _2armarc
_aIglesia Católica
650 7 _2armarc
_aApologética
700 1 _aVives, José
_etraductor
765 0 _aNewman, John Henry
_tEssay in aid of a Grammar of Assent
942 _2ddc
_cLI
_h230.2
_iN5318
999 _c40689
_d40689